[Event "Salinello op 1st"]
[Site "Tortoreto"]
[Date "2015.05.28"]
[Round "4"]
[White "Bar, Aviv"]
[Black "Strikovic, Aleksa"]
[Result "1-0"]
[WhiteElo "2110"]
[BlackElo "2526"]
[PlyCount "85"]
[EventDate "2015.05.26"]
[EventType "swiss"]
[EventRounds "9"]
[EventCountry "ITA"]
[SourceTitle "CBM 166 Extra"]
[Source "ChessBase"]
[SourceDate "2015.06.18"]
[SourceVersion "1"]
[SourceVersionDate "2015.06.18"]
[SourceQuality "1"]

1. e4 d6 2. d4 Nf6 3. Nc3 e5 4. Nf3 Nbd7 5. Rg1 exd4 6. Nxd4 Nc5 7. Qe2 Be7 8. Bf4 0-0 9. 0-0-0 Re8 10. f3 c6 11. g4 Ne6 12. Nxe6 Bxe6 13. Qd2 d5 14. g5 Nh5 15. Be3 dxe4 16. Nxe4 Qd5 17. c4 Qxd2+ 18. Rxd2 b6 19. Be2 Bf5 20. Bd3 g6 21. Bc2 Kf8 22. a3 Rad8 23. Rgd1 Rxd2 24. Rxd2 Ng7 25. Ba4 Bxe4 26. fxe4 Rc8 27. Rd7 Ne6 28. h4 b5 29. Bb3 Bc5 30. Bd2 Rc7 31. Rd3 Bf2 32. Rh3 a6 33. cxb5 cxb5+ 34. Kb1 Bd4 35. Rd3 Be5 36. Ba5 Rb7 37. Bxe6 fxe6 38. Bc3 Bf4 39. Rd8+ Kf7 40. Rh8 Rc7 41. Rxh7+ Kg8 42. Rh6 Kf7 43. h5 1-0

[Event "EU-ch 16th"]
[Site "Jerusalem"]
[Date "2015.03.06"]
[Round "10"]
[White "Adar, Idan"]
[Black "Bar, Aviv"]
[Result "1/2-1/2"]
[WhiteElo "1912"]
[BlackElo "2130"]
[PlyCount "70"]
[EventDate "2015.02.24"]
[EventType "swiss"]
[EventRounds "11"]
[EventCountry "ISR"]
[SourceTitle "CBM 166"]
[Source "ChessBase"]
[SourceDate "2015.05.11"]
[SourceVersion "1"]
[SourceVersionDate "2015.05.11"]
[SourceQuality "1"]

1. d4 d5 2. c4 c6 3. Nf3 Nf6 4. Nc3 dxc4 5. a4 Bf5 6. e3 e6 7. Bxc4 Bb4 8. 0-0 Nbd7 9. Qe2 0-0 10. e4 Bg4 11. Bd3 e5 12. Be3 exd4 13. Bxd4 Nc5 14. Bxc5 Bxc5 15. e5 Re8 16. Rfe1 Nd5 17. Nxd5 Bxf3 18. Qxf3 Qxd5 19. Be4 Qe6 20. Bf5 Qd5 21. Be4 Qe6 22. Bf5 Qe7 23. e6 g6 24. exf7+ Qxf7 25. Be4 Qxf3 26. Bxf3 Bd4 27. g3 Kf7 28. Kg2 Rad8 29. Rxe8 Rxe8 30. Rd1 Rd8 31. Rd2 Rd6 32. Be2 Be5 33. Rxd6 Bxd6 34. Bc4+ Kf6 35. f4 a5 1/2-1/2

[Event "Gibraltar Masters 13th"]
[Site "Caleta"]
[Date "2015.02.05"]
[Round "10"]
[White "Sorm, Daniel"]
[Black "Bar, Aviv"]
[Result "0-1"]
[WhiteElo "2319"]
[BlackElo "2142"]
[PlyCount "110"]
[EventDate "2015.01.27"]
[EventType "swiss"]
[EventRounds "10"]
[EventCountry "GGB"]
[SourceTitle "CBM 165"]
[Source "ChessBase"]
[SourceDate "2015.03.11"]
[SourceVersion "1"]
[SourceVersionDate "2015.03.11"]
[SourceQuality "1"]

1. d4 d5 2. c4 c6 3. Nf3 Nf6 4. Nc3 dxc4 5. a4 Bf5 6. e3 e6 7. Bxc4 Bb4 8. 0-0 Nbd7 9. Qe2 0-0 10. e4 Bg4 11. e5 Nd5 12. h3 Bh5 13. Bd2 a5 14. Rfd1 Rc8 15. Bd3 Qe7 16. Rac1 Rfe8 17. Kh2 Nf8 18. Bb1 Qd8 19. Ne4 Be7 20. g4 Bg6 21. Kg3 f5 22. Nc5 b6 23. Nd3 Nd7 24. Nf4 Nxf4 25. Bxf4 fxg4 26. hxg4 Bxb1 27. Rxb1 Nf8 28. Rbc1 Qd5 29. Be3 b5 30. Qc2 Ng6 31. Ng5 Rf8 32. Ne4 bxa4 33. Rh1 c5 34. f4 cxd4 35. Qxc8 Rxc8 36. Rxc8+ Nf8 37. Rd1 Qb3 38. Re1 dxe3 39. Re2 Qb7 40. Rc4 Qd5 41. Rxa4 Qd1 42. Nc3 Qg1+ 43. Kf3 Bb4 44. Ra2 Ng6 45. f5 exf5 46. gxf5 Nxe5+ 47. Ke4 Ng4 48. Kd4 h5 49. b3 Qf1 50. Nd5 Qxf5 51. Rac2 Qe5+ 52. Kc4 Qe4+ 53. Kb5 Qxd5+ 54. Ka4 Qd7+ 55. Rc6 Qxc6# 0-1

[Event "Gibraltar Masters 13th"]
[Site "Caleta"]
[Date "2015.02.04"]
[Round "9"]
[White "Bar, Aviv"]
[Black "Viana, Dirceu"]
[Result "1/2-1/2"]
[WhiteElo "2142"]
[BlackElo "2268"]
[PlyCount "83"]
[EventDate "2015.01.27"]
[EventType "swiss"]
[EventRounds "10"]
[EventCountry "GGB"]
[SourceTitle "CBM 165"]
[Source "ChessBase"]
[SourceDate "2015.03.11"]
[SourceVersion "1"]
[SourceVersionDate "2015.03.11"]
[SourceQuality "1"]

1. e4 e6 2. d4 d5 3. Nd2 c5 4. Ngf3 a6 5. c3 Nc6 6. Bd3 cxd4 7. cxd4 dxe4 8. Nxe4 Bb4+ 9. Nc3 Nf6 10. 0-0 0-0 11. a3 Be7 12. Re1 Qd6 13. Be3 b5 14. Ng5 Bb7 15. Nge4 Nxe4 16. Nxe4 Qd5 17. Nc5 Bxc5 18. dxc5 Na5 19. Bf1 Nb3 20. Qxd5 Bxd5 21. Rad1 Rfc8 22. f3 Nxc5 23. Rc1 Nb3 24. Rxc8+ Rxc8 25. Bd3 g6 26. Re2 f6 27. Rc2 Rxc2 28. Bxc2 Na5 29. Kf2 Kf7 30. Bd2 Nc4 31. Bc3 e5 32. Bb3 Ke6 33. Bxc4 Bxc4 34. Ke3 g5 35. g3 h5 36. f4 Kf5 37. fxe5 fxe5 38. h4 gxh4 39. gxh4 Bd5 40. Ba5 Bg2 41. Kf2 Bc6 42. Ke3 1/2-1/2

[Event "Jerusalem Japhet Memorial op 2nd"]
[Site "Jerusalem"]
[Date "2014.07.17"]
[Round "2"]
[White "Soffer, Ram"]
[Black "Bar, Aviv"]
[Result "1-0"]
[WhiteElo "2447"]
[BlackElo "2167"]
[PlyCount "61"]
[EventDate "2014.07.16"]
[EventType "swiss"]
[EventRounds "9"]
[EventCountry "ISR"]
[SourceTitle "CBM 161 Extra"]
[Source "ChessBase"]
[SourceDate "2014.08.29"]
[SourceVersion "1"]
[SourceVersionDate "2014.08.29"]
[SourceQuality "1"]

1. Nf3 d5 2. c4 c6 3. e3 Nf6 4. Nc3 a6 5. d4 b5 6. c5 Bg4 7. Qb3 Nbd7 8. a4 e5 9. Qa3 e4 10. axb5 exf3 11. bxc6 Nb6 12. c7 Qxc7 13. cxb6 Qxb6 14. Qa4+ Bd7 15. Bb5 fxg2 16. Bxd7+ Nxd7 17. Rg1 h5 18. Nxd5 Qb7 19. e4 Bd6 20. Rxg2 Kf8 21. Be3 h4 22. h3 Nf6 23. Nxf6 gxf6 24. Rg4 f5 25. exf5 a5 26. Rc1 Qf3 27. Qc6 Bb4+ 28. Kf1 Qxh3+ 29. Rg2 Rd8 30. Qf6 Qh1+ 31. Rg1 1-0

[Event "Gibraltar Masters 12th"]
[Site "Caleta"]
[Date "2014.02.04"]
[Round "8"]
[White "Muzychuk, Anna"]
[Black "Bar, Aviv"]
[Result "1-0"]
[WhiteElo "2566"]
[BlackElo "2148"]
[PlyCount "91"]
[EventDate "2014.01.28"]
[EventType "swiss"]
[EventRounds "10"]
[EventCountry "GGB"]
[SourceTitle "CBM 159"]
[Source "ChessBase"]
[SourceDate "2014.03.17"]
[SourceVersion "1"]
[SourceVersionDate "2014.03.17"]
[SourceQuality "1"]

1. e4 e6 2. d4 d5 3. Nc3 Nf6 4. Bg5 dxe4 5. Nxe4 Nbd7 6. Nf3 h6 7. Nxf6+ Nxf6 8. Bh4 c5 9. Bd3 cxd4 10. 0-0 Be7 11. Nxd4 0-0 12. c3 Qb6 13. Qe2 Re8 14. Rad1 Bd7 15. Bb1 Rad8 16. Rfe1 Ba4 17. Rd3 Nd5 18. Bxe7 Rxe7 19. Rg3 Qc7 20. Qe4 f5 21. Qh4 Qf4 22. Rxg7+ Kxg7 23. Qxe7+ Nxe7 24. Nxe6+ Kf7 25. Nxf4 Rd2 26. b3 Bc6 27. Ne2 Be4 28. Bxe4 fxe4 29. Ng3 Rxa2 30. Nxe4 b6 31. g3 Rb2 32. b4 a5 33. Nd6+ Kf6 34. Nc4 Rb3 35. Nxb6 axb4 36. Nd7+ Kf7 37. Ne5+ Kf8 38. cxb4 Rxb4 39. Nd3 Rb3 40. Nf4 Kf7 41. Kg2 Nf5 42. h4 Rb4 43. Kh3 Rb2 44. Kg4 Nd4 45. Re4 Nc6 46. Re6 1-0

[Event "Gibraltar Masters 12th"]
[Site "Caleta"]
[Date "2014.02.02"]
[Round "6"]
[White "Bucknell, Malcolm Gordon"]
[Black "Bar, Aviv"]
[Result "0-1"]
[WhiteElo "1944"]
[BlackElo "2148"]
[PlyCount "59"]
[EventDate "2014.01.28"]
[EventType "swiss"]
[EventRounds "10"]
[EventCountry "GGB"]
[SourceTitle "CBM 159"]
[Source "ChessBase"]
[SourceDate "2014.03.17"]
[SourceVersion "1"]
[SourceVersionDate "2014.03.17"]
[SourceQuality "1"]

1. d4 Nf6 2. Nf3 e6 3. g3 b6 4. Bg2 Bb7 5. 0-0 g6 6. c4 Bg7 7. Nc3 Ne4 8. Qc2 Nxc3 9. bxc3 0-0 10. Rd1 d6 11. a4 Nc6 12. Nd2 Na5 13. Bxb7 Nxb7 14. Nb3 d5 15. cxd5 exd5 16. a5 Nd6 17. axb6 axb6 18. Rxa8 Qxa8 19. Bf4 Qc6 20. Ra1 Nb5 21. Rc1 Ra8 22. e3 Ra3 23. Qb2 h6 24. g4 Bf8 25. h3 Qc4 26. Nd2 Qa4 27. c4 dxc4 28. Nxc4 Ra2 29. Qb1 Nc3 30. Qd3 0-1

[Event "Gibraltar Masters 12th"]
[Site "Caleta"]
[Date "2014.02.01"]
[Round "5"]
[White "Bar, Aviv"]
[Black "Hoolt, Sarah"]
[Result "0-1"]
[WhiteElo "2148"]
[BlackElo "2331"]
[PlyCount "122"]
[EventDate "2014.01.28"]
[EventType "swiss"]
[EventRounds "10"]
[EventCountry "GGB"]
[SourceTitle "CBM 159"]
[Source "ChessBase"]
[SourceDate "2014.03.17"]
[SourceVersion "1"]
[SourceVersionDate "2014.03.17"]
[SourceQuality "1"]

1. e4 c5 2. Nf3 e6 3. d4 cxd4 4. Nxd4 a6 5. Nc3 Qc7 6. Be3 b5 7. a3 Bb7 8. Bd3 Nf6 9. 0-0 Bc5 10. Re1 0-0 11. Qe2 d6 12. Nb3 Nbd7 13. f4 Bxe3+ 14. Qxe3 Ng4 15. Qg3 Qb6+ 16. Kf1 f5 17. exf5 exf5 18. h3 Ngf6 19. Re7 g6 20. Rae1 Rae8 21. Rxe8 Nxe8 22. a4 Nc7 23. axb5 axb5 24. Qf2 b4 25. Qxb6 Nxb6 26. Nb5 Nxb5 27. Bxb5 Be4 28. Nd4 Rc8 29. Bd3 d5 30. b3 Rc3 31. Rd1 Nd7 32. g4 Nc5 33. Ke2 Bxd3+ 34. cxd3 fxg4 35. hxg4 Nxb3 36. Nxb3 Rxb3 37. Ke3 Ra3 38. Rc1 Ra8 39. Rc5 Rb8 40. Kd2 b3 41. Kc1 Rb4 42. Rxd5 Rxf4 43. g5 Rf2 44. Rd8+ Kf7 45. Rd7+ Ke6 46. Rxh7 Rc2+ 47. Kb1 Rd2 48. Rh4 Kf5 49. Rd4 Kxg5 50. Kc1 b2+ 51. Kb1 Kf5 52. Rd8 g5 53. d4 Ke4 54. Rg8 Kf5 55. Rd8 g4 56. d5 g3 57. Rf8+ Ke5 58. Re8+ Kd6 59. Rd8+ Ke7 60. Rg8 g2 61. d6+ Kd7 0-1

[Event "Gibraltar Masters 12th"]
[Site "Caleta"]
[Date "2014.01.31"]
[Round "4"]
[White "Kuipers, Stefan"]
[Black "Bar, Aviv"]
[Result "1/2-1/2"]
[WhiteElo "2399"]
[BlackElo "2148"]
[PlyCount "60"]
[EventDate "2014.01.28"]
[EventType "swiss"]
[EventRounds "10"]
[EventCountry "GGB"]
[SourceTitle "CBM 159"]
[Source "ChessBase"]
[SourceDate "2014.03.17"]
[SourceVersion "1"]
[SourceVersionDate "2014.03.17"]
[SourceQuality "1"]

1. e4 e6 2. d3 d5 3. Qe2 dxe4 4. dxe4 e5 5. Nf3 Nc6 6. c3 Nf6 7. h3 h6 8. g4 a5 9. a4 Bc5 10. Nbd2 Be6 11. Nc4 Nd7 12. Bg2 Qb8 13. Ne3 Qa7 14. Nf5 Bf8 15. Qc2 g6 16. Ne3 0-0-0 17. Bf1 Nc5 18. Nd2 Be7 19. Bb5 h5 20. Nd5 Rxd5 21. exd5 Bxd5 22. Rg1 hxg4 23. hxg4 e4 24. Nc4 Nd3+ 25. Kf1 Rh2 26. Be3 Bc5 27. Rg2 Rh1+ 28. Rg1 Rh2 29. Rg2 Rh1+ 30. Rg1 Rh2 1/2-1/2

[Event "Kesarovski Georgiev Memorial 11th"]
[Site "Sunny Beach"]
[Date "2012.09.06"]
[Round "6"]
[White "Nadrchal, Tomas"]
[Black "Bar, Aviv"]
[Result "1/2-1/2"]
[WhiteElo "2017"]
[BlackElo "2150"]
[PlyCount "95"]
[EventDate "2012.09.01"]
[EventType "swiss"]
[EventRounds "9"]
[EventCountry "BUL"]
[SourceTitle "CBM 150 Extra"]
[Source "ChessBase"]
[SourceDate "2012.10.19"]
[SourceVersion "1"]
[SourceVersionDate "2012.10.19"]
[SourceQuality "1"]

1. e4 c5 2. Nf3 d6 3. d4 cxd4 4. Nxd4 Nf6 5. Nc3 g6 6. Be3 Bg7 7. f3 0-0 8. Qd2 Nc6 9. Bc4 Bd7 10. 0-0-0 Rc8 11. Bb3 Nxd4 12. Bxd4 b5 13. e5 dxe5 14. Bxe5 Bc6 15. Qxd8 Rfxd8 16. Rxd8+ Rxd8 17. Rd1 Bh6+ 18. Kb1 Rxd1+ 19. Nxd1 Nd5 20. Bb8 a6 21. c4 Nf4 22. cxb5 axb5 23. Ne3 Nd3 24. Nd5 Kf8 25. Bg3 Bg7 26. Nc3 f5 27. Bc2 Nb4 28. Bd1 Bxc3 29. bxc3 Nd5 30. Kb2 Ne3 31. Be2 Nxg2 32. Kb3 Ne3 33. Kb4 Nd5+ 34. Kc5 Nxc3 35. Kxc6 Nxe2 36. Kxb5 Nc3+ 37. Kc4 Nxa2 38. Bf4 Kf7 39. Kb3 e5 40. Bd2 Kf6 41. Kxa2 f4 42. Kb3 Kf5 43. Kc2 e4 44. fxe4+ Kxe4 45. Kd1 Kf3 46. Ke1 g5 47. Kf1 g4 48. Be1 1/2-1/2

[Event "Dresden ZMD op-A 21st"]
[Site "Dresden"]
[Date "2012.08.24"]
[Round "7"]
[White "Bar, Aviv"]
[Black "Brinck Claussen, Bjorn"]
[Result "1/2-1/2"]
[WhiteElo "2124"]
[BlackElo "2023"]
[PlyCount "47"]
[EventDate "2012.08.18"]
[EventType "swiss"]
[EventRounds "9"]
[EventCountry "GER"]
[SourceTitle "CBM 150 Extra"]
[Source "ChessBase"]
[SourceDate "2012.10.19"]
[SourceVersion "1"]
[SourceVersionDate "2012.10.19"]
[SourceQuality "1"]

1. d4 Nf6 2. Nc3 d5 3. Bf4 e6 4. Nb5 Na6 5. e3 c6 6. Nc3 Qa5 7. Qd2 Bb4 8. Bd3 c5 9. f3 Bd7 10. a3 cxd4 11. exd4 Be7 12. Rb1 0-0 13. Nge2 Nc7 14. 0-0 Nce8 15. Qe1 Nh5 16. Bd2 Qd8 17. g4 Nhf6 18. Qg3 Nd6 19. b3 Bc6 20. g5 Nh5 21. Qg4 g6 22. Ng3 Ng7 23. h4 Qb6 24. Na4 1/2-1/2

[Event "Dresden ZMD op-A 21st"]
[Site "Dresden"]
[Date "2012.08.23"]
[Round "6"]
[White "Kusnetsov, Mark"]
[Black "Bar, Aviv"]
[Result "1/2-1/2"]
[WhiteElo "2203"]
[BlackElo "2124"]
[PlyCount "98"]
[EventDate "2012.08.18"]
[EventType "swiss"]
[EventRounds "9"]
[EventCountry "GER"]
[SourceTitle "CBM 150 Extra"]
[Source "ChessBase"]
[SourceDate "2012.10.19"]
[SourceVersion "1"]
[SourceVersionDate "2012.10.19"]
[SourceQuality "1"]

1. Nf3 Nf6 2. g3 b6 3. Bg2 Bb7 4. d4 g6 5. c4 e6 6. Nc3 Bg7 7. Bg5 h6 8. Bxf6 Qxf6 9. 0-0 0-0 10. e4 Qe7 11. Qe2 d6 12. Rfd1 Nd7 13. Rd2 a6 14. Rad1 Rfd8 15. Ne1 c5 16. d5 exd5 17. Nxd5 Bxd5 18. Rxd5 Ne5 19. f4 Nc6 20. Nf3 Nd4 21. Nxd4 Bxd4+ 22. Kh1 Rab8 23. h4 Re8 24. Qg4 Kh8 25. b3 Rbd8 26. Rf1 Rg8 27. Qd1 Rg7 28. Qd2 Kg8 29. Kh2 g5 30. fxg5 hxg5 31. Rxg5 Rxg5 32. Qxg5+ Qxg5 33. hxg5 Re8 34. e5 Rxe5 35. Bd5 Rxg5 36. Bxf7+ Kg7 37. Kh3 Bf6 38. Bd5 Rh5+ 39. Kg2 Re5 40. Bf3 Re3 41. Bd5 Re2+ 42. Rf2 Rxf2+ 43. Kxf2 Kg6 44. a4 Kf5 45. Kf3 a5 46. Bb7 Bc3 47. g4+ Kg5 48. Ke4 Kxg4 49. Kd5 Bb4 1/2-1/2

[Event "Dresden ZMD op-A 21st"]
[Site "Dresden"]
[Date "2012.08.22"]
[Round "5"]
[White "Bar, Aviv"]
[Black "Schulz, Marcel"]
[Result "1-0"]
[WhiteElo "2124"]
[BlackElo "2059"]
[PlyCount "117"]
[EventDate "2012.08.18"]
[EventType "swiss"]
[EventRounds "9"]
[EventCountry "GER"]
[SourceTitle "CBM 150 Extra"]
[Source "ChessBase"]
[SourceDate "2012.10.19"]
[SourceVersion "1"]
[SourceVersionDate "2012.10.19"]
[SourceQuality "1"]

1. c4 f5 2. Nc3 Nf6 3. Nf3 d6 4. g3 g6 5. Bg2 Bg7 6. 0-0 0-0 7. d3 e5 8. Rb1 Nc6 9. b4 Ne7 10. Qb3 Nh5 11. Bg5 h6 12. Bxe7 Qxe7 13. Nd2 Kh8 14. b5 g5 15. Qa3 Qd8 16. c5 e4 17. cxd6 Qxd6 18. Qxd6 cxd6 19. Rfc1 exd3 20. exd3 Rb8 21. Nc4 f4 22. Nxd6 f3 23. Bf1 Be6 24. a4 Bd4 25. Nce4 a5 26. Nc5 Ba2 27. Nd7 Rbd8 28. Bh3 Bxb1 29. Nxf8 Rxd6 30. Rxb1 Nf6 31. Bf5 Nd5 32. Re1 Rf6 33. Be4 Nc3 34. Ng6+ Kg7 35. Ne7 Ne2+ 36. Kf1 Kf8 37. Nd5 Rd6 38. Bxf3 Nc3 39. Nxc3 Bxc3 40. Rc1 Bb4 41. Bxb7 Rxd3 42. b6 Rc3 43. Rxc3 Bxc3 44. Be4 Ke7 45. b7 Be5 46. Ke2 Kd7 47. Kd3 Kc7 48. Kc4 h5 49. Kd5 Bc3 50. f4 Bd2 51. Ke5 h4 52. f5 Be1 53. gxh4 gxh4 54. f6 Bb4 55. f7 Bd6+ 56. Kf6 Bf8 57. Kg5 Be7+ 58. Kg6 Bf8 59. Kh7 1-0

[Event "Dresden ZMD op-A 21st"]
[Site "Dresden"]
[Date "2012.08.21"]
[Round "4"]
[White "Fiderer, Lukas"]
[Black "Bar, Aviv"]
[Result "1-0"]
[WhiteElo "2280"]
[BlackElo "2124"]
[PlyCount "73"]
[EventDate "2012.08.18"]
[EventType "swiss"]
[EventRounds "9"]
[EventCountry "GER"]
[SourceTitle "CBM 150 Extra"]
[Source "ChessBase"]
[SourceDate "2012.10.19"]
[SourceVersion "1"]
[SourceVersionDate "2012.10.19"]
[SourceQuality "1"]

1. e4 c6 2. d4 d5 3. e5 c5 4. dxc5 e6 5. a3 Qc7 6. Nf3 Nd7 7. b4 a5 8. Bb2 axb4 9. axb4 Rxa1 10. Bxa1 b6 11. cxb6 Nxb6 12. c3 f6 13. exf6 Nxf6 14. Bb5+ Bd7 15. Qe2 Bxb5 16. Qxb5+ Nfd7 17. Qe2 e5 18. 0-0 Be7 19. Re1 0-0 20. Na3 Bf6 21. c4 Ra8 22. c5 Rxa3 23. cxb6 Qxb6 24. Nxe5 Nf8 25. Qd2 Qb5 26. Bd4 Ne6 27. Bc5 d4 28. Bxd4 Qd5 29. Bc3 Qb3 30. Qd6 h6 31. h3 Nf4 32. Bd4 Ra2 33. Nd7 Ne2+ 34. Rxe2 Rxe2 35. Nxf6+ gxf6 36. Qd8+ Kh7 37. Qd7+ 1-0

[Event "Dresden ZMD op-A 21st"]
[Site "Dresden"]
[Date "2012.08.20"]
[Round "3"]
[White "Bar, Aviv"]
[Black "Hentze, Markus"]
[Result "1-0"]
[WhiteElo "2124"]
[BlackElo "2053"]
[PlyCount "127"]
[EventDate "2012.08.18"]
[EventType "swiss"]
[EventRounds "9"]
[EventCountry "GER"]
[SourceTitle "CBM 150 Extra"]
[Source "ChessBase"]
[SourceDate "2012.10.19"]
[SourceVersion "1"]
[SourceVersionDate "2012.10.19"]
[SourceQuality "1"]

1. c4 c6 2. d4 d5 3. Nc3 Nf6 4. e3 a6 5. Qc2 g6 6. Bd3 Bg7 7. Nf3 Bg4 8. Ne5 Be6 9. 0-0 0-0 10. h3 dxc4 11. Nxc4 Nbd7 12. e4 Bxc4 13. Bxc4 b5 14. Be2 Nb6 15. Be3 Qc7 16. Rac1 Rac8 17. Rfd1 e6 18. Nb1 Qb7 19. Nd2 Nbd7 20. Nb3 Qc7 21. Qb1 Rfe8 22. Nc5 Nxc5 23. Rxc5 Nd7 24. Rcc1 Qb7 25. a3 Bf8 26. b4 a5 27. Bd2 axb4 28. axb4 Ra8 29. Qc2 Ra6 30. Ra1 Rea8 31. Ra5 Bg7 32. Be1 Nb6 33. Rc1 Na4 34. Rxa6 Rxa6 35. d5 exd5 36. exd5 cxd5 37. Qc8+ Qxc8 38. Rxc8+ Bf8 39. Bxb5 Re6 40. Bd2 Nb6 41. Rb8 Kg7 42. Bc3+ f6 43. g4 Kf7 44. Rb7+ Be7 45. Bf1 Na4 46. Bd2 Rb6 47. Ra7 Nb2 48. Be3 Rxb4 49. Rxe7+ Kxe7 50. Bc5+ Ke6 51. Bxb4 Na4 52. Bb5 Nb6 53. Bc5 Na8 54. f4 Nc7 55. Bd3 f5 56. Kf2 Ne8 57. g5 Nc7 58. Ke3 Kd7 59. h4 Ne6 60. Bd4 Ke7 61. h5 Kf7 62. h6 Nd8 63. Bb5 Ke6 64. Be8 1-0

[Event "Dresden ZMD op-A 21st"]
[Site "Dresden"]
[Date "2012.08.19"]
[Round "2"]
[White "Kieslich, Aaron"]
[Black "Bar, Aviv"]
[Result "1-0"]
[WhiteElo "2085"]
[BlackElo "2124"]
[PlyCount "103"]
[EventDate "2012.08.18"]
[EventType "swiss"]
[EventRounds "9"]
[EventCountry "GER"]
[SourceTitle "CBM 150 Extra"]
[Source "ChessBase"]
[SourceDate "2012.10.19"]
[SourceVersion "1"]
[SourceVersionDate "2012.10.19"]
[SourceQuality "1"]

1. d4 Nf6 2. c4 e6 3. Nc3 d5 4. cxd5 exd5 5. Bg5 c6 6. Qc2 Be7 7. e3 Bg4 8. Bd3 Nbd7 9. f3 Be6 10. Nge2 Nf8 11. 0-0 Bc8 12. Kh1 Ne6 13. Bh4 h6 14. Rad1 0-0 15. Bf2 Re8 16. Bg1 Bf8 17. e4 dxe4 18. fxe4 Qa5 19. Ng3 Qc7 20. e5 Nd5 21. Nxd5 cxd5 22. Bh7+ Kh8 23. Qxc7 Nxc7 24. Rxf7 Kxh7 25. Rxc7 Re6 26. Rdc1 Rc6 27. R1xc6 bxc6 28. Rxc6 a5 29. Ne2 Bf5 30. Nc3 a4 31. Rc7 Be6 32. a3 Ra6 33. h3 h5 34. Bf2 Kg6 35. Bh4 Kf5 36. Be7 Bxe7 37. Rxe7 Kf4 38. Rb7 Bf5 39. Rf7 g6 40. Nxd5+ Kg3 41. Nb4 Ra8 42. Rc7 Be4 43. Rc3+ Kf2 44. Kh2 g5 45. Nd3+ Ke3 46. Nc5+ Kxd4 47. Nxe4 Kxe4 48. e6 Re8 49. Rc4+ Kd3 50. Rxa4 Rxe6 51. Ra5 Rg6 52. Rc5 1-0

[Event "Pardubice Czech op-A 23rd"]
[Site "Pardubice"]
[Date "2012.07.20"]
[Round "1"]
[White "Bar, Aviv"]
[Black "Belyakov, Bogdan"]
[Result "0-1"]
[WhiteElo "2146"]
[BlackElo "2375"]
[PlyCount "52"]
[EventDate "2012.07.12"]
[EventType "swiss"]
[EventRounds "9"]
[EventCountry "CZE"]
[SourceTitle "CBM 149 Extra"]
[Source "ChessBase"]
[SourceDate "2012.08.24"]
[SourceVersion "1"]
[SourceVersionDate "2012.08.24"]
[SourceQuality "1"]

1. c4 Nf6 2. Nc3 g6 3. g3 Bg7 4. Bg2 0-0 5. Nf3 c5 6. d4 d6 7. 0-0 Nc6 8. b3 Bf5 9. Bb2 Ne4 10. Nd5 Bg4 11. Ne3 Bxf3 12. Bxf3 cxd4 13. Bxe4 dxe3 14. Bxg7 exf2+ 15. Rxf2 Kxg7 16. Bxc6 bxc6 17. Qd4+ Kg8 18. Raf1 Qd7 19. Qh4 Qe6 20. e4 a5 21. c5 dxc5 22. Rc1 a4 23. Rxc5 axb3 24. axb3 Ra1+ 25. Kg2 Rb1 26. Rfc2 Rc8 0-1

[Event "EU-ch U18"]
[Site "Batumi"]
[Date "2010.09.22"]
[Round "3"]
[White "Khurtsidze, Tornike"]
[Black "Bar, Aviv"]
[Result "1-0"]
[WhiteElo "2010"]
[BlackElo "2086"]
[PlyCount "49"]
[EventDate "2010.09.20"]
[EventType "swiss"]
[EventRounds "9"]
[EventCountry "GEO"]
[SourceTitle "CBM 138 Extra"]
[Source "ChessBase"]
[SourceDate "2010.10.29"]
[SourceVersion "1"]
[SourceVersionDate "2010.10.29"]
[SourceQuality "1"]

1. e4 c5 2. Nc3 a6 3. g3 b5 4. Bg2 Bb7 5. Nge2 Nf6 6. 0-0 e6 7. d3 b4 8. Nb1 d5 9. Nd2 Be7 10. exd5 exd5 11. d4 0-0 12. dxc5 Nbd7 13. c6 Bxc6 14. Nd4 Bb7 15. Nf5 Bc5 16. Nb3 Bb6 17. Be3 a5 18. Bxb6 Nxb6 19. Qd4 Qc7 20. Rfe1 Nc8 21. Rac1 a4 22. Nc5 Qb6 23. Nxb7 Qxb7 24. Re5 Qc7 25. Nxg7 1-0

[Event "EU-ch U18"]
[Site "Batumi"]
[Date "2010.09.21"]
[Round "2"]
[White "Bar, Aviv"]
[Black "Stanciu, Alexandru Ovidiu"]
[Result "0-1"]
[WhiteElo "2086"]
[BlackElo "2280"]
[PlyCount "84"]
[EventDate "2010.09.20"]
[EventType "swiss"]
[EventRounds "9"]
[EventCountry "GEO"]
[SourceTitle "CBM 138 Extra"]
[Source "ChessBase"]
[SourceDate "2010.10.29"]
[SourceVersion "1"]
[SourceVersionDate "2010.10.29"]
[SourceQuality "1"]

1. Nf3 g6 2. c4 Bg7 3. g3 Nf6 4. Bg2 0-0 5. 0-0 d5 6. cxd5 Nxd5 7. Nc3 Nc6 8. Qa4 Nb6 9. Qh4 e5 10. Qxd8 Rxd8 11. d3 h6 12. Ne4 Nd5 13. Nc5 b6 14. Nb3 a5 15. a4 Be6 16. Nbd2 g5 17. h3 f5 18. Nc4 Ndb4 19. Na3 Rd7 20. Nb5 Rad8 21. Ne1 Nb8 22. Be3 N8a6 23. Rc1 Bb3 24. Ra1 f4 25. Bd2 c6 26. Bxb4 cxb5 27. Bc3 b4 28. Bd2 Rc7 29. e3 fxg3 30. fxg3 Nc5 31. Rc1 Bxa4 32. Kh2 Bb5 33. Be4 Nxe4 34. Rxc7 Nxd2 35. Rff7 Bf8 36. Rf2 Nb3 37. Rf6 Rd6 38. Rf5 Rd7 39. Rxd7 Bxd7 40. Rxe5 a4 41. Nc2 a3 42. bxa3 Nd2 0-1